| 000 | 00320nam a22001337a 4500 | ||
|---|---|---|---|
| 003 | OSt | ||
| 005 | 20230919184805.0 | ||
| 008 | 230919b |||||||| |||| 00| 0 eng d | ||
| 040 | _cCO-JMCR | ||
| 082 | 0 | 4 |
_aP / _bPOEr |
| 100 | 1 | 0 |
_aPombo, Rafael, _eautor _9493 |
| 245 |
_aPoesias sabias / _cRafael Pombo |
||
| 942 |
_2ddc _cBK |
||
| 999 |
_c30246 _d16630 |
||